Подробности
| 000 -МАРКЕР |
| контрольное поле |
02716nam0a2200409 4500 |
| 001 - ИДЕНТИФИКАТОР ЗАПИСИ |
| контрольное поле |
RU\NLR\bibl\1746570 |
| 005 - ИДЕНТИФИКАТОР ВЕРСИИ |
| контрольное поле |
20260409080410.0 |
| 010 ## - МЕЖДУНАРОДНЫЙ СТАНДАРТНЫЙ НОМЕР КНИГИ (ISBN) |
| Номер (ISBN) |
978-5-9984-0104-6 |
| Тираж |
100 |
| 021 ## - НОМЕР ГОСУДАРСТВЕННОЙ РЕГИСТРАЦИИ |
| Код страны |
Российская Федерация |
| Номер |
2011-10844 |
| Номер Листа государственной регистраци |
778 |
| 035 ## - ДРУГИЕ СИСТЕМНЫЕ НОМЕРА |
| Идентификатор записи |
(nilc)LIBNET\0000109223 |
| 035 ## - ДРУГИЕ СИСТЕМНЫЕ НОМЕРА |
| Идентификатор записи |
(NLR Aleph) 001737464 |
| 100 ## - ДАННЫЕ ОБЩЕЙ ОБРАБОТКИ |
| Данные общей обработки |
20110305d2010 |||y0rusy50 ca |
| 101 0# - ЯЗЫК РЕСУРСА |
| Язык текста, звукозаписи и т.д. |
русский |
| -- |
английский |
| 102 ## - СТРАНА ПУБЛИКАЦИИ ИЛИ ПРОИЗВОДСТВА |
| Страна публикации |
Российская Федерация |
| 105 ## - ПОЛЕ КОДИРОВАННЫХ ДАННЫХ: ТЕКСТОВЫЕ МАТЕРИАЛЫ, МОНОГРАФИЧЕСКИЕ |
| Кодированные данные о монографическом текстовом документе |
y ||||||||| |
| 200 1# - ЗАГЛАВИЕ И СВЕДЕНИЯ ОБ ОТВЕТСТВЕННОСТИ |
| Основное заглавие |
Инновационные подходы к подготовке специалиста в условиях глобализации образовательных процессов |
| Параллельное заглавие |
Innovative approach to training specialists under globalization of educational processes |
| Язык параллельного заглавия |
английский |
| Сведения, относящиеся к заглавию |
материалы международной научной конференции, 7-8 октября 2010 года, г. Владимир |
| Первые сведения об ответственности |
[редкол.: Н.А. Камайданова (отв. ред.) и др.] |
| 210 ## - ПУБЛИКАЦИЯ, РАСПРОСТРАНЕНИЕ И ДР. |
| Место издания, распространения и т.д. |
Владимир |
| Имя издателя, распространителя и т. д. |
ВлГУ |
| Дата издания, распространения и т.д. |
2010 |
| 215 ## - ФИЗИЧЕСКАЯ ХАРАКТЕРИСТИКА |
| Специфическое обозначение материала и объем |
234 с. |
| Размеры |
20 |
| 300 ## - ОБЩИЕ ПРИМЕЧАНИЯ |
| Текст примечания |
В надзаг.: М-во образования и науки РФ, Гос. образоват. учреждение высш. проф. образования "Владим. гос. ун-т", Науч.-образоват. центр в обл. лингвистики, образоват. инноваций и межкультур. коммуникации "Dialog" |
| 300 ## - ОБЩИЕ ПРИМЕЧАНИЯ |
| Текст примечания |
Часть текста на англ. яз. |
| 320 ## - ПРИМЕЧАНИЯ О НАЛИЧИИ В ДОКУМЕНТЕ БИБЛИОГРАФИИ / УКАЗАТЕЛЯ |
| Текст примечания |
Библиогр. в конце ст. |
| 510 1# - ПАРАЛЛЕЛЬНОЕ ЗАГЛАВИЕ |
| Параллельное заглавие |
Innovative approach to training specialists under globalization of educational processes |
| Язык заглавия |
английский |
| 606 ## - НАИМЕНОВАНИЕ ТЕМЫ КАК ПРЕДМЕТ |
| Наименование темы |
Высшее образование |
| Тематический подзаголовок |
Инновации |
| Формальный подзаголовок |
Съезды, совещания и т.п. |
| Идентификатор авторитетной/нормативной записи |
RU\NLR\AUTH\6601752542 |
| Системный номер авторитетной/нормативной записи |
2664515 |
| 606 ## - НАИМЕНОВАНИЕ ТЕМЫ КАК ПРЕДМЕТ |
| Наименование темы |
Иностранные языки |
| Тематический подзаголовок |
Преподавание |
| -- |
Высшая школа |
| Формальный подзаголовок |
Съезды, совещания и т.п. |
| Идентификатор авторитетной/нормативной записи |
RU\NLR\auth\661291992 |
| Системный номер авторитетной/нормативной записи |
2144180 |
| 686 1# - ИНДЕКСЫ ДРУГИХ КЛАССИФИКАЦИЙ |
| Индекс |
Ч481.2я431 |
| 686 1# - ИНДЕКСЫ ДРУГИХ КЛАССИФИКАЦИЙ |
| Индекс |
Ч486.17я431 |
| 702 #1 - ИМЯ ЛИЦА - ВТОРИЧНАЯ ОТВЕТСТВЕННОСТЬ |
| Начальный элемент ввода |
Камайданова |
| Часть имени, кроме начального элемента ввода |
Н. А. |
| Расширение инициалов личного имени |
Надежда Афанасьевна |
| Код отношения |
Редактор |
| 711 12 - НАИМЕНОВАНИЕ ОРГАНИЗАЦИИ - АЛЬТЕРНАТИВНАЯ ОТВЕТСТВЕННОСТЬ |
| Начальный элемент ввода |
"Инновационные подходы к подготовке специалиста в условиях глобализации образовательных процессов", международная научная конференция |
| Дата проведения временной организации |
2010 |
| Место проведения временной организации |
Владимир |
| Идентификатор авторитетной/нормативной записи |
RU\NLR\AUTH\8810180134 |
| Системный номер авторитетной/нормативной записи |
856527 |
| 801 #0 - ИСТОЧНИК ЗАПИСИ |
| Страна |
Российская Федерация |
| Организация |
Владимирская ОУНБ |
| Дата составления |
20110305 |
| Правила каталогизации |
rcr |
| 801 #1 - ИСТОЧНИК ЗАПИСИ |
| Страна |
Российская Федерация |
| Организация |
Владимирская ОУНБ |
| Дата составления |
20110305 |
| Правила каталогизации |
rcr |
| Источник данных |
rusmarc |
| 801 #2 - ИСТОЧНИК ЗАПИСИ |
| Страна |
Российская Федерация |
| Организация |
NLR |
| Дата составления |
20110315 |
| Правила каталогизации |
rcr |
| 830 ## - ОБЩЕЕ ПРИМЕЧАНИЕ, СОСТАВЛЕННОЕ КАТАЛОГИЗАТОРОМ |
| Текст примечания |
ред. по базе |
| 942 ## - ДОПОЛНИТЕЛЬНЫЕ ЭЛЕМЕНТЫ ЗАПИСИ (АБИС) |
| Тип экземпляра АБИС |
Книга |
| 980 ## - КОЛЛЕКЦИЯ |
| Название коллекции |
Национальная библиография |